Dating smarts ; (Record no. 7883)

MARC details
000 -LEADER
fixed length control field 00395nam a22001457a 4500
008 - FIXED-LENGTH DATA ELEMENTS--GENERAL INFORMATION
fixed length control field 190419b ||||| |||| 00| 0 eng d
020 ## - INTERNATIONAL STANDARD BOOK NUMBER
International Standard Book Number 9781502439642
082 ## - DEWEY DECIMAL CLASSIFICATION NUMBER
Classification number 158 L26d 2015
100 ## - MAIN ENTRY--PERSONAL NAME
Personal name Lamg, MA Amy.
245 ## - TITLE STATEMENT
Title Dating smarts ;
Remainder of title what every teen needs to know to date, relate or wait.
260 ## - PUBLICATION, DISTRIBUTION, ETC.
Date of publication, distribution, etc. 2015.
300 ## - PHYSICAL DESCRIPTION
Extent 160 p.
Dimensions 23 cm.
650 ## - SUBJECT ADDED ENTRY--TOPICAL TERM
Topical term or geographic name entry element sexual relationships.
942 ## - Added entry Elements (Koha)
Source of classification or shelving scheme Dewey Decimal Classification
Holdings
Withdrawn status Lost status Source of classification or shelving scheme Damaged status Not for loan Collection code Home library Current library Shelving location Date acquired Serial Enumeration / chronology Total Checkouts Full call number Barcode Date last seen Date last checked out Price effective from Koha item type
    Dewey Decimal Classification     Main TEST RTC Library RTC Library Main opac 19/04/2019 13697 3 158 LAN 30013321 18/06/2023 02/06/2023 19/04/2019 Main
Royal Thimphu College || All Right Reserved